[Event "Titled Tuesday intern op 16th Apr Early"]
[Site "Chess.com INT"]
[Date "2024.04.16"]
[Round "1"]
[White "Nouri, Alekhine"]
[Black "Pavlidou, Ekaterini"]
[Result "1-0"]
[WhiteElo "2201"]
[BlackElo "2201"]
[PlyCount "57"]
[EventDate "2024.04.16"]
[EventType "swiss (blitz)"]
[EventRounds "11"]
[EventCountry "USA"]
[SourceTitle "CB17_2024"]
[SourceDate "2024.04.24"]
[SourceVersion "1"]
[SourceVersionDate "2024.04.24"]
[SourceQuality "1"]

1. e4 c5 2. Nc3 e6 3. g3 Nc6 4. Bg2 Nf6 5. Nh3 d5 6. d3 d4 7. Ne2 e5 8. b3 h6 9. f4 Bg4 10. 0-0 Be7 11. Nf2 h5 12. h3 Bxe2 13. Qxe2 Qd7 14. a4 a5 15. Bd2 b6 16. Nd1 0-0-0 17. Nb2 Ne8 18. Nc4 Qc7 19. fxe5 Rf8 20. Qxh5 g6 21. Qg4+ Kb7 22. Bf4 g5 23. Bxg5 Nxe5 24. Nxe5 Qxe5 25. Bf4 Qh8 26. e5+ Ka7 27. Qf3 Rb8 28. Qc6 Bd8 29. e6 1-0

[Event "Titled Tuesday intern op 16th Jan Late"]
[Site "Chess.com INT"]
[Date "2024.01.16"]
[Round "2"]
[White "Pavlidou, Ekaterini"]
[Black "Hajiyev, Kanan"]
[Result "0-1"]
[WhiteElo "2206"]
[BlackElo "2129"]
[PlyCount "96"]
[EventDate "2024.01.16"]
[EventType "swiss (blitz)"]
[EventRounds "11"]
[EventCountry "USA"]
[SourceTitle "CB04_2024"]
[SourceDate "2023.10.16"]
[SourceVersion "1"]
[SourceVersionDate "2023.10.16"]
[SourceQuality "1"]

1. d4 c6 2. c4 d5 3. Nf3 Nf6 4. Nbd2 a6 5. g3 Bf5 6. Bg2 e6 7. b3 h6 8. Bb2 Bb4 9. a3 Bd6 10. b4 0-0 11. c5 Bc7 12. Ne5 Nbd7 13. h3 Nxe5 14. dxe5 Ne4 15. g4 Nxd2 16. Qxd2 Bg6 17. 0-0 a5 18. f4 axb4 19. Qxb4 b6 20. Rac1 bxc5 21. Rxc5 Bb6 22. Bd4 Bxc5 23. Bxc5 Re8 24. f5 exf5 25. gxf5 Bh5 26. Bd6 Bxe2 27. Rf2 Bb5 28. f6 Ra4 29. Qd2 Qa5 30. Qe3 Qa7 31. Bc5 Qc7 32. Qg3 g6 33. Bd6 Qa7 34. e6 Rxe6 35. Bf4 Rxf6 36. Be3 Qe7 37. Kh2 Rxf2 38. Qxf2 Qe5+ 39. Kh1 Rxa3 40. Bf4 Ra1+ 41. Kh2 Qe1 42. Qd4 g5 43. Bd6 Rd1 44. Qf6 Qg1+ 45. Kg3 Rd3+ 46. Kg4 Qxg2+ 47. Kf5 Qf3+ 48. Ke5 Qe4# 0-1

[Event "EU-chT (Women) 24th"]
[Site "Budva"]
[Date "2023.11.13"]
[Round "3.6"]
[White "Pavlidou, Ekaterini"]
[Black "Arabidze, Meri"]
[Result "0-1"]
[WhiteElo "2143"]
[BlackElo "2458"]
[PlyCount "108"]
[EventDate "2023.11.11"]
[EventType "team-swiss"]
[EventRounds "9"]
[EventCountry "MNE"]
[SourceTitle "CB47_2023"]
[SourceDate "2023.11.22"]
[SourceVersion "1"]
[SourceVersionDate "2023.11.22"]
[SourceQuality "1"]
[WhiteTeam "Greece (W)"]
[BlackTeam "Georgia (W)"]
[WhiteTeamCountry "GRE"]
[BlackTeamCountry "GEO"]

1. d4 Nf6 2. c4 e6 3. Nc3 Bb4 4. e3 0-0 5. Nge2 c6 6. a3 Ba5 7. c5 d5 8. cxd6 Qxd6 9. b4 Bc7 10. Qc2 e5 11. Bb2 Re8 12. Rd1 e4 13. h3 Qe7 14. g3 Nbd7 15. Bg2 Nb6 16. Rc1 Bd6 17. 0-0 Bd7 18. Na4 Nxa4 19. Qxa4 h6 20. Rfd1 a6 21. Bc3 Be6 22. Be1 Qd7 23. Kh2 h5 24. Qc2 h4 25. Nc3 Bf5 26. Qb3 Be6 27. Qc2 Bd5 28. Kh1 Qe6 29. Rb1 Rac8 30. Rdc1 Bb8 31. Ne2 g5 32. Rb2 Kg7 33. Ng1 Rh8 34. g4 Qd6 35. f4 gxf4 36. g5 Nh5 37. Bxe4 fxe3 38. Nf3 Ng3+ 39. Bxg3 Qxg3 40. Ng1 Qd6 41. Bf3 Rce8 42. Qg2 Be6 43. Rd1 Qf4 44. Ne2 Qf5 45. Ng1 Bg3 46. b5 axb5 47. d5 cxd5 48. Rxb5 Rc8 49. Rxb7 Rc2 50. Ne2 Rd2 51. Rxd2 exd2 52. Ng1 Rc8 53. Bd1 Rc1 54. Qe2 Qe4+ 0-1

[Event "EU-chT (Women) 24th"]
[Site "Budva"]
[Date "2023.11.11"]
[Round "1.3"]
[White "Heinemann, Josefine"]
[Black "Pavlidou, Ekaterini"]
[Result "1/2-1/2"]
[WhiteElo "2318"]
[BlackElo "2143"]
[PlyCount "60"]
[EventDate "2023.11.11"]
[EventType "team-swiss"]
[EventRounds "9"]
[EventCountry "MNE"]
[SourceTitle "CB47_2023"]
[SourceDate "2023.11.22"]
[SourceVersion "1"]
[SourceVersionDate "2023.11.22"]
[SourceQuality "1"]
[WhiteTeam "Germany (W)"]
[BlackTeam "Greece (W)"]
[WhiteTeamCountry "GER"]
[BlackTeamCountry "GRE"]

1. e4 c5 2. Nf3 Nc6 3. Bb5 e6 4. 0-0 Nge7 5. d4 cxd4 6. Nxd4 Ng6 7. Be3 Be7 8. c3 0-0 9. Nd2 Bg5 10. Nc2 Bxe3 11. Nxe3 Qg5 12. Be2 Nf4 13. Kh1 d5 14. Bf3 d4 15. cxd4 Nxd4 16. g3 Nd3 17. Ndc4 b5 18. Bg2 bxc4 19. Nxc4 Nxf2+ 20. Rxf2 e5 21. Qd2 Qxd2 22. Rxd2 f6 23. Ne3 Be6 24. Bf1 Rac8 25. Kg2 h5 26. b3 Rc3 27. Nd1 Rc7 28. Ne3 Rc3 29. Nd1 Rc7 30. Ne3 Rc3 1/2-1/2

[Event "Titled Tuesday intern op 26th Sep Early"]
[Site "Chess.com INT"]
[Date "2023.09.26"]
[Round "4"]
[White "Lohani, Sujana"]
[Black "Pavlidou, Ekaterini"]
[Result "0-1"]
[WhiteElo "1756"]
[BlackElo "2088"]
[PlyCount "58"]
[EventDate "2023.09.26"]
[EventType "swiss (blitz)"]
[EventRounds "11"]
[EventCountry "USA"]
[SourceTitle "EXT 2024"]
[Source "ChessBase"]
[SourceDate "2023.10.10"]
[SourceVersion "1"]
[SourceVersionDate "2023.10.10"]
[SourceQuality "1"]

1. d4 Nf6 2. Nf3 e6 3. c4 b6 4. g3 Bb7 5. Bg2 c5 6. 0-0 cxd4 7. Qxd4 Nc6 8. Qd1 Be7 9. Nc3 a6 10. e4 d6 11. Re1 0-0 12. Qc2 e5 13. Bg5 Nd4 14. Nxd4 exd4 15. Bxf6 Bxf6 16. Nd5 Bxd5 17. cxd5 d3 18. Qxd3 Bxb2 19. Rab1 Qf6 20. Re2 Bd4 21. Rd2 Bc5 22. Bh3 Rae8 23. Bd7 Re7 24. Bc6 h5 25. Kg2 h4 26. f3 Re5 27. Qxa6 h3+ 28. Kxh3 Qxf3 29. Rf1 Rh5# 0-1

[Event "Titled Tuesday intern op 12th Sep Late"]
[Site "Chess.com INT"]
[Date "2023.09.12"]
[Round "8"]
[White "Pavlidou, Ekaterini"]
[Black "Sailer, Mike L"]
[Result "0-1"]
[WhiteElo "2088"]
[BlackElo "2095"]
[PlyCount "90"]
[EventDate "2023.09.12"]
[EventType "swiss (blitz)"]
[EventRounds "11"]
[EventCountry "USA"]
[SourceTitle "EXT 2024"]
[Source "ChessBase"]
[SourceDate "2023.10.10"]
[SourceVersion "1"]
[SourceVersionDate "2023.10.10"]
[SourceQuality "1"]

1. d4 d5 2. c4 Bf5 3. cxd5 Bxb1 4. Rxb1 Qxd5 5. b3 Nc6 6. e3 e5 7. Bc4 Qxg2 8. Qf3 Bb4+ 9. Ke2 Qxf3+ 10. Nxf3 exd4 11. exd4 0-0-0 12. Be3 Nh6 13. Rhg1 Nf5 14. d5 Nxe3 15. dxc6 Nxc4 16. bxc4 Bc3 17. Rxb7 Rhe8+ 18. Kf1 Rd1+ 19. Kg2 Rxg1+ 20. Nxg1 Bd4 21. Nf3 Bb6 22. a4 Re6 23. a5 Rxc6 24. axb6 Kxb7 25. Ne5 Rxb6 26. Nxf7 Rg6+ 27. Kf1 a5 28. Ne5 Re6 29. Nd3 Kc6 30. Nb2 Kc5 31. f3 Kb4 32. c5 Kb3 33. Nd3 a4 34. f4 a3 35. f5 Rh6 36. Kg2 Kc3 37. Nc1 Kb2 38. Nd3+ Kc2 39. Nb4+ Kb3 40. Nd3 a2 41. Nc1+ Kb2 42. Nxa2 Kxa2 43. Kg3 Rc6 44. f6 gxf6 45. Kf4 Rxc5 0-1

[Event "Titled Tuesday intern op 29th Aug Late"]
[Site "Chess.com INT"]
[Date "2023.08.29"]
[Round "2"]
[White "Pavlidou, Ekaterini"]
[Black "Escobar Forero, Alder"]
[Result "0-1"]
[WhiteElo "2088"]
[BlackElo "2450"]
[PlyCount "96"]
[EventDate "2023.08.29"]
[EventType "swiss (blitz)"]
[EventRounds "11"]
[EventCountry "USA"]
[SourceTitle "EXT 2024"]
[Source "ChessBase"]
[SourceDate "2023.10.10"]
[SourceVersion "1"]
[SourceVersionDate "2023.10.10"]
[SourceQuality "1"]

1. d4 d6 2. Nf3 Bg4 3. h3 Bxf3 4. exf3 d5 5. c4 c6 6. Nc3 e6 7. Bf4 Nd7 8. Qb3 Qb6 9. c5 Qxb3 10. axb3 a6 11. b4 Rc8 12. Bd3 f6 13. Kd2 Kf7 14. Bg3 Ne7 15. f4 Nf5 16. Bxf5 exf5 17. Rhe1 Be7 18. Re3 Rhe8 19. Rae1 Nf8 20. f3 Ng6 21. Bh2 Nh4 22. g3 Ng2 23. Rxe7+ Rxe7 24. Rxe7+ Kxe7 25. Ke2 Kd7 26. Kf2 Re8 27. Kxg2 Re1 28. Bg1 Rc1 29. Na4 Ke6 30. Be3 Rc4 31. Nc3 Rxb4 32. Nd1 a5 33. Kf2 a4 34. Ke2 Rxb2+ 35. Kd3 a3 36. Nxb2 a2 37. Kc2 a1Q 38. Bc1 Qa3 39. Nd3 Qa4+ 40. Kd2 Qxd4 41. Bb2 Qg1 42. g4 Qg2+ 43. Ke3 Qxh3 44. gxf5+ Kxf5 45. Nf2 Qf1 46. Bd4 Qc1+ 47. Ke2 Qxf4 48. Be3 Qc4+ 0-1

[Event "Titled Tuesday intern op 29th Aug Late"]
[Site "Chess.com INT"]
[Date "2023.08.29"]
[Round "4"]
[White "Pavlidou, Ekaterini"]
[Black "Novikova, Margarita"]
[Result "0-1"]
[WhiteElo "2088"]
[BlackElo "1995"]
[PlyCount "58"]
[EventDate "2023.08.29"]
[EventType "swiss (blitz)"]
[EventRounds "11"]
[EventCountry "USA"]
[SourceTitle "EXT 2024"]
[Source "ChessBase"]
[SourceDate "2023.10.10"]
[SourceVersion "1"]
[SourceVersionDate "2023.10.10"]
[SourceQuality "1"]

1. d4 d5 2. c4 e6 3. Nc3 Nf6 4. cxd5 exd5 5. Bg5 c6 6. e3 h6 7. Bh4 Be7 8. Bd3 0-0 9. Qc2 Re8 10. Nge2 Ne4 11. Bxe4 Bxh4 12. Bh7+ Kh8 13. Bd3 Bg4 14. h3 Bxe2 15. Qxe2 Nd7 16. 0-0-0 b5 17. g3 Bf6 18. Bf5 Nb6 19. Qh5 Qe7 20. g4 Nc4 21. h4 Qb4 22. Rd2 Nxd2 23. g5 Nc4 24. Nd1 Qd2+ 25. Kb1 Bxd4 26. exd4 Re2 27. gxh6 Na3+ 28. bxa3 Qxa2+ 29. Kc1 Qa1+ 0-1